000 00688nam a2200193 a 4500
001 000021220
005 20240305081128.0
008 100902s1996 dr bc 000 0 spa d
040 _aDO-SdBNP
_bspa
_cBNPHU
082 _axxx
_bC111c
100 1 _aCaamaño Castillo, Rafael E.,
_d1943-
_944355
245 1 0 _aComendador :
_bapuntes para su historia /
_cRafael E. Caamaño E. ; Miguel A. Holguin Veras.
260 _aSanto Domingo :
_bCorripio,
_c1996.
300 _a152 p. :
_bmap. ; retrs. ;
_c23 cm.
500 _aIncluye datos biográficos del autor en las solapas
504 _aIncluye bibliografías [p. 147]
700 1 _aHolguín Veras, Miguel A.,
_d1927-2007
_913921
049 _aBNPD
999 _c20721
_d20721